| 000 | 00557 a2200205 4500 | ||
|---|---|---|---|
| 999 |
_c31999 _d31999 |
||
| 003 | OSt | ||
| 005 | 20260312113508.0 | ||
| 008 | 260312b ||||| |||| 00| 0 eng d | ||
| 020 | _a9781803248776 | ||
| 040 | _c. | ||
| 082 |
_a005.8 _bD591 |
||
| 100 |
_96683 _aDiogenes, Yuri |
||
| 245 |
_aCybersecurity: Attack and Defense Strategies / _cYuri Diogenes and Erdal Ozkaya |
||
| 250 | _a3rd ed. | ||
| 260 |
_bPackt Publishing, _aMumbai : _c2022. |
||
| 300 | _a546 p. | ||
| 650 | 0 |
_96623 _aCybersecurity |
|
| 700 |
_96622 _aOzkaya, Erdal |
||
| 942 |
_2ddc _cBK |
||